[Event "Moscow Time of the First U15"]
[Site "Moscow"]
[Date "2019.06.21"]
[Round "6"]
[White "Gubanov, Timofey"]
[Black "Vetrov, Ivan"]
[Result "1-0"]
[WhiteElo "1555"]
[BlackElo "1744"]
[PlyCount "75"]
[EventDate "2019.06.17"]
[EventType "swiss"]
[EventRounds "9"]
[EventCountry "RUS"]
[SourceTitle "EXT 2021"]
[Source "ChessBase"]
[SourceDate "2020.10.23"]
[SourceVersion "1"]
[SourceVersionDate "2020.10.23"]
[SourceQuality "1"]

1. d4 Nf6 2. c4 g6 3. Nc3 d5 4. cxd5 Nxd5 5. e4 Nxc3 6. bxc3 Bg7 7. Nf3 c5 8. Rb1 0-0 9. Be2 cxd4 10. cxd4 Qa5+ 11. Qd2 Qxd2+ 12. Bxd2 Nc6 13. d5 Ne5 14. Nxe5 Bxe5 15. 0-0 b6 16. Bb4 Bd6 17. Bxd6 exd6 18. Rfc1 Bd7 19. Rc7 Rfd8 20. Ba6 Kf8 21. Rbc1 Be8 22. f3 Rd7 23. Rxd7 Bxd7 24. Rc7 Ke8 25. Bb7 Rd8 26. Bc6 Bxc6 27. dxc6 d5 28. Rxa7 dxe4 29. fxe4 Rc8 30. c7 Kd7 31. Kf2 Rxc7 32. Rxc7+ Kxc7 33. Ke3 Kc6 34. Kd4 Kb5 35. Kd5 Ka4 36. e5 Ka3 37. Kd6 Kxa2 38. Ke7 1-0